Inshore craft of Great Britain: in the days of sail and oar
Сохранить в:
| Главный автор: | |
|---|---|
| Формат: | |
| Язык: | английский |
| Опубликовано: |
Londres
Fishings News Books
1970
|
| Предметы: | |
| Метки: |
Добавить метку
Нет меток, Требуется 1-ая метка записи!
|
MARC
| LEADER | 00000nam a2200000 a 4500 | ||
|---|---|---|---|
| 001 | UCV5126 | ||
| 003 | CL-VaPUC | ||
| 008 | 920709e19700000UK |||||||||||||||||eng|d | ||
| 082 | 0 | 4 | |a 629.045 |b MAR |2 21 |
| 100 | |a March, Edgar J. |e autor |9 332206 | ||
| 245 | 1 | 0 | |a Inshore craft of Great Britain: in the days of sail and oar |
| 300 | |a 2 v | ||
| 942 | |c BK | ||
| 945 | |d 19920709 00:00:00 | ||
| 260 | |a Londres |b Fishings News Books |c 1970 | ||
| 650 | 7 | |a NAVEGACION HISTORIA |2 CL-VaPUC |9 261705 | |
| 583 | |a last modification |c 19920709 00:00:00 |k Rodrigo Vera | ||
| 999 | |c 211718 |d 211716 | ||
| 952 | |0 0 |1 0 |4 0 |6 629_045000000000000_MAR_1970 |7 0 |8 CCM |9 191587 |a BIBCUR |b BIBCUR |d 2019-11-14 |h v.1 |i 2591316 |l 2 |o 629.045 MAR 1970 |p 2591316 |r 2025-04-22 |s 2022-11-24 |w 2019-11-14 |y BK |k CIM | ||
| 952 | |0 0 |1 0 |4 0 |6 629_045000000000000_MAR_1970 |7 0 |8 CCM |9 191588 |a BIBCUR |b BIBCUR |d 2019-11-14 |h v.2 |i 2591324 |l 1 |o 629.045 MAR 1970 |p 2591324 |r 2025-04-22 |s 2022-11-24 |w 2019-11-14 |y BK |k CIM | ||